Lachman / liebermans : (Record no. 20884)
[ view plain ]
| 000 -LEADER | |
|---|---|
| fixed length control field | 00946nam a22002775a 4500 |
| 005 - DATE AND TIME OF LATEST TRANSACTION | |
| control field | 20151008135955.0 |
| 008 - FIXED-LENGTH DATA ELEMENTS--GENERAL INFORMATION | |
| fixed length control field | 151007r20142013ii a frb 001 0 eng d |
| 020 ## - INTERNATIONAL STANDARD BOOK NUMBER | |
| International Standard Book Number | 9788123922898 |
| 040 ## - CATALOGING SOURCE | |
| Original cataloging agency | EG-ScBUE |
| Language of cataloging | eng |
| Transcribing agency | EG-ScBUE |
| 082 04 - DEWEY DECIMAL CLASSIFICATION NUMBER | |
| Classification number | 615.19 |
| Item number | LAC |
| Edition number | 22 |
| 245 00 - TITLE STATEMENT | |
| Title | Lachman / liebermans : |
| Remainder of title | the theory and practice of industrial pharmacy / |
| Statement of responsibility, etc | editors Roop K. Khar ... [et al.] |
| 246 30 - VARYING FORM OF TITLE | |
| Title proper/short title | The theory and practice of industrial pharmacy |
| 250 ## - EDITION STATEMENT | |
| Edition statement | 4th ed., Reprint ed. |
| 260 ## - PUBLICATION, DISTRIBUTION, ETC. (IMPRINT) | |
| Place of publication, distribution, etc | New Delhi : |
| Name of publisher, distributor, etc | CBS Publishers & Distribu, |
| Date of publication, distribution, etc | 2014. |
| 300 ## - PHYSICAL DESCRIPTION | |
| Extent | xix, 1203 p. : |
| Other physical details | ill. ; |
| Dimensions | 24 cm. |
| 500 ## - GENERAL NOTE | |
| General note | Index : p. 1195-1203. |
| 500 ## - GENERAL NOTE | |
| General note | Reprinted of the 2013 ed. |
| 504 ## - BIBLIOGRAPHY, ETC. NOTE | |
| Bibliography, etc | Bibliography : p. 1189-1193. |
| 650 #0 - SUBJECT ADDED ENTRY--TOPICAL TERM | |
| Topical term or geographic name as entry element | Pharmaceutical industry |
| Source of heading or term | BUEsh |
| 650 #7 - SUBJECT ADDED ENTRY--TOPICAL TERM | |
| Topical term or geographic name as entry element | Pharmacy. |
| Source of heading or term | BUEsh |
| 9 (RLIN) | 31987 |
| 651 ## - SUBJECT ADDED ENTRY--GEOGRAPHIC NAME | |
| Source of heading or term | BUEsh |
| 653 ## - INDEX TERM--UNCONTROLLED | |
| Resource For college | Pharmacy |
| Arrived date list | October2015 |
| 655 ## - INDEX TERM--GENRE/FORM | |
| Form subdivision | Text book |
| -- | 33728 |
| 700 1# - ADDED ENTRY--PERSONAL NAME | |
| Personal name | Khar, Roop K. |
| Relator term | editor. |
| 942 ## - ADDED ENTRY ELEMENTS (KOHA) | |
| Source of classification or shelving scheme | Dewey Decimal Classification |
| Call number prefix | 615.19 LAC |
| Withdrawn status | Item status | Source of classification or shelving scheme | Damaged status | Not for loan | Vendor | Home library | Current library | Shelving location | Date acquired | Source of acquisition | Total Checkouts | Full call number | Barcode | Date last seen | Koha item type | Materials specified (bound volume or other part) | Total Renewals | Date last borrowed |
|---|---|---|---|---|---|---|---|---|---|---|---|---|---|---|---|---|---|---|
| Dewey Decimal Classification | Baccah | Central Library | Central Library | First floor | 07/10/2015 | Purchase | 615.19 LAC | 000031018 | 24/11/2025 | NB - Book (Non borrowing) | ||||||||
| Lost | Dewey Decimal Classification | Baccah | Central Library | Central Library | First floor | 07/10/2015 | Purchase | 4 | 615.19 LAC | 000031019 | 11/12/2023 | Book - Borrowing | Lost_In_Inventory_12-2-2024 | 3 | 09/11/2023 |